Symulacja przemieszczania się cząsteczek polietylenu w tarczowej strefie wytłaczarki / (Rekord nr 3337)
| 000 -ETYKIETA REKORDU | |
|---|---|
| podpole kontrolne o stałej długości | 01329nab a2200229 i 4500 |
| 001 - NUMER KONTROLNY REKORDU | |
| podpole kontrolne | BPP |
| 003 - IDENTYFIKATOR NUMERU KONTROLNEGO REKORDU | |
| podpole kontrolne | BPK |
| 005 - DATA OSTATNIEJ MODYFIKACJI REKORDU | |
| podpole kontrolne | 20180130122956.0 |
| 008 - POLE O STAŁEJ DŁUGOŚCI - DANE KONTROLNE | |
| podpole kontrolne o stałej długości | 140704s2004 pl f |000 0 |
| 040 ## - ŹRÓDŁO KATALOGOWANIA | |
| Instytucja, która utworzyła rekord | BPK |
| 080 ## - UNIWERSALNA KLASYFIKACJA DZIESIĘTNA - UKD | |
| UKD | 621.97 |
| 100 ## - NAZWA OSOBOWA | |
| Nazwa osobowa | DIAKUN, Jarosław. |
| Lata pracy | 1996 - . |
| Instytucja | Politechnika Koszalińska - Wydział Mechaniczny, |
| Wydział | Katedra Inżynierii Spożywczej i Tworzyw Sztucznych |
| 245 ## - TYTUŁ/ODPOWIEDZIALNOŚĆ | |
| Tytuł | Symulacja przemieszczania się cząsteczek polietylenu w tarczowej strefie wytłaczarki / |
| Pozostałe elementy strefy tytułu i oznaczenia odpowiedzialności | Jarosław Diakun, Iwona Michalska-Pożoga. |
| 260 ## - STREFA ADRESU WYDAWNICZEGO | |
| Data publikacji, dystrybucji/powstania dokumentu | 2004. |
| 500 ## - UWAGI OGÓLNE | |
| Tekst uwagi | Dane z autopsji. |
| 520 ## - UWAGA DOTYCZĄCA TREŚCI DOKUMENTU | |
| Analiza dokumentacyjna, adnotacja itp. | Przedstawiono wyniki obliczeń symulacyjnych, których celem było przeanalizowanie w jakim stopniu mechanizm ruchu laminarnego występującego w tarczowej szczelinie wytłaczarki może porządkować strukturę nadcząsteczkową polimeru. Analiza dotyczy wpływu natężenia przepływu, miejsca usytuowania w szczelinie tarczowej, średnicy tarczy i wymiaru szczeliny na tendencję podporządkowania łańcuchów polimerowych. |
| 650 ## - HASŁO PRZEDMIOTOWE W FORMIE NAZWY OGÓLNEJ LUB JEDNOSTKOWEJ | |
| Nazwa ogólna lub geograficzna | Polietylen. |
| 650 #0 - HASŁO PRZEDMIOTOWE W FORMIE NAZWY OGÓLNEJ LUB JEDNOSTKOWEJ | |
| Nazwa ogólna lub geograficzna | Symulacja. |
| 773 ## - TYTUŁ DOKUMENTU MACIERZYSTEGO | |
| Wyrażenie wprowadzające | W : |
| Tytuł | Polimery. - |
| Informacje dotyczące relacji | R. 69, 2004, nr 1, s. 42-48 |
| 700 ## - HASŁO DODATKOWE - NAZWA OSOBOWA | |
| Nazwa osobowa | MICHALSKA-POŻOGA, Iwona. |
| Lata pracy | 2006 - . |
| Instytucja | Politechnika Koszalińska - Wydział Mechaniczny, |
| Wydział | Katedra Inżynierii Spożywczej i Tworzyw Sztucznych |
| 942 ## - HASŁO DODATKOWE - ELEMENTY(KOHA) | |
| Typ dokumentu | Artykuł |
| Schemat klasyfikacji | Uniwersalna klasyfikacja dziesiętna |
| Wycofany | Zagubiony | Uszkodzony | Dostępność | Lokalizacja stała | Lokalizacja bieżąca | Sygnatura | Typ dokumentu |
|---|---|---|---|---|---|---|---|
| Dostępny | Bibliografia Prac Pracowników - BPK | Bibliografia Prac Pracowników - BPK | 01022 | Artykuł |
